<?xml version="1.0" encoding="UTF-8"?>
<record
    xmlns:xsi="http://www.w3.org/2001/XMLSchema-instance"
    xsi:schemaLocation="http://www.loc.gov/MARC21/slim http://www.loc.gov/standards/marcxml/schema/MARC21slim.xsd"
    xmlns="http://www.loc.gov/MARC21/slim">

  <leader>01027nab a2200217 i 4500</leader>
  <controlfield tag="001">BPP</controlfield>
  <controlfield tag="003">BPK</controlfield>
  <controlfield tag="005">20160602123039.0</controlfield>
  <controlfield tag="008">150929s1999    pl  |  |     |000 ||pol</controlfield>
  <datafield tag="040" ind1=" " ind2=" ">
    <subfield code="c">BPK</subfield>
  </datafield>
  <datafield tag="080" ind1=" " ind2=" ">
    <subfield code="a">314.15</subfield>
  </datafield>
  <datafield tag="100" ind1=" " ind2=" ">
    <subfield code="a">ZDROJEWSKI, Eugeniusz Zdzis&#x142;aw.</subfield>
    <subfield code="d">1996 - 2003 ; 2004 - . </subfield>
    <subfield code="b">Politechnika Koszali&#x144;ska - Instytut Zarz&#x105;dzania i Marketingu,</subfield>
    <subfield code="c">Katedra Turystyki i Demografii</subfield>
  </datafield>
  <datafield tag="245" ind1=" " ind2=" ">
    <subfield code="a">Mobilno&#x15B;&#x107; przestrzenna ludno&#x15B;ci w makroregionie p&#xF3;&#x142;nocnym /</subfield>
    <subfield code="c">Eugeniusz Z. Zdrojewski.</subfield>
  </datafield>
  <datafield tag="260" ind1=" " ind2=" ">
    <subfield code="c">1999.</subfield>
  </datafield>
  <datafield tag="500" ind1=" " ind2=" ">
    <subfield code="a">Dane z autopsji.</subfield>
  </datafield>
  <datafield tag="520" ind1=" " ind2=" ">
    <subfield code="a">W opracowaniu skr&#xF3;towo przedstawiono przestrzenne zr&#xF3;&#x17C;nicowanie og&#xF3;lnej mobilno&#x15B;ci oraz wp&#x142;yw migracji definitywnych na dynamik&#x119; przyrostu rzeczywistego ludno&#x15B;ci na obszarze makroregionu p&#xF3;&#x142;nocnego.</subfield>
  </datafield>
  <datafield tag="650" ind1=" " ind2="0">
    <subfield code="a">Migracje.</subfield>
  </datafield>
  <datafield tag="650" ind1=" " ind2="0">
    <subfield code="a">Zachodniopomorskie, wojew&#xF3;dztwo. </subfield>
  </datafield>
  <datafield tag="773" ind1=" " ind2=" ">
    <subfield code="i">W :</subfield>
    <subfield code="t">Koszali&#x144;skie Studia i Materia&#x142;y. -</subfield>
    <subfield code="d">Koszalin : Wydaw. Uczelniane Politechniki Koszali&#x144;skiej, 1999. -</subfield>
    <subfield code="g">nr 1, s. 11-21</subfield>
  </datafield>
  <datafield tag="942" ind1=" " ind2=" ">
    <subfield code="c">ART</subfield>
    <subfield code="2">UKD</subfield>
  </datafield>
  <datafield tag="999" ind1=" " ind2=" ">
    <subfield code="c">4072</subfield>
    <subfield code="d">4072</subfield>
  </datafield>
  <datafield tag="952" ind1=" " ind2=" ">
    <subfield code="0">0</subfield>
    <subfield code="1">0</subfield>
    <subfield code="4">0</subfield>
    <subfield code="7">0</subfield>
    <subfield code="a">BPK</subfield>
    <subfield code="b">BPK</subfield>
    <subfield code="o">0856</subfield>
    <subfield code="y">ART</subfield>
  </datafield>
</record>
